| 000 | 00769nam a2200265 a 4500 | ||
|---|---|---|---|
| 005 | 20210219153311.0 | ||
| 008 | 991125n 000 0 spa u | ||
| 035 | _aUPN01000090033 | ||
| 100 | 1 | _aAviña Cervantes, Francisco Luis | |
| 222 | 0 | _aAVANCE Y PERSPECTIVA | |
| 245 | 0 | 0 | _aNuestro primer verano de investigación científica |
| 260 | _aDistrito Federal, México | ||
| 300 | _a5-10 | ||
| 362 | 0 | _a1992 Vol. 11, ene.-feb. | |
| 653 | 0 | _aCINVESTAV | |
| 653 | 0 | _aEDUCACION SUPERIOR | |
| 653 | 0 | _aESTUDIOS DE POSGRADO | |
| 653 | 0 | _aINVESTIGACION CIENTIFICA | |
| 653 | 0 | _aIRAPUATO (GUANAJUATO) | |
| 653 | 0 | _aVERANO DE INVESTIGACION CINTIFICA | |
| 700 | 1 | _aAyala Luján, Jorge Luis, | |
| 700 | 1 | _ecoaut. | |
| 904 |
_aAC _b027844 |
||
| 905 | _aArticulo | ||
| 999 |
_c73506 _d73506 |
||